Statistics for Glycolysis

Click here to take the quiz!

General Stats

  • This quiz has been taken 93 times
  • The average score is 12 of 21

Answer Stats

HintAnswer% Correct
Beginning compoundGlucose
100%
Substrate 1Glucose 6-phosphate
87%
Substrate 2Fructose 6-phosphate
84%
Enzyme 1Hexokinase
84%
Final product(2) Pyruvate
82%
Substrate 3Fructose 1,6 bisphosphate
66%
Enzyme 3Phosphofructo kinase
66%
Enzyme 4Aldolase
63%
Products(s) of enzyme 4Glyceraldehyde 3-phosphate
63%
Substrate 72-phosphoglycerate
58%
Substrate 63-phosphoglycerate
55%
Product(s) of enzyme 4Dihydroxyacetone phosphate
55%
Enzyme 9Enolase
50%
Enzyme 2Phosphoglucose isomerase
50%
Enzyme 10Pyruvate kinase
50%
Substrate 51,3 bisphosphoglycerate
45%
Enzyme 7Phosphoglycerate kinase
42%
Enzyme 5 (between products of enzyme 4)Triose phosphate isomerase
42%
Enzyme 8Phosphoglycerate mutase
39%
Enzyme 6Glyceraldehyde dehydrogenase
24%
Substrate 8Phosphenol pyruvate
24%

Score Distribution

Percentile by Number Answered

Percent of People with Each Score

Your Score History

You have not taken this quiz